000 00689cab a2200253 4500
001 WB3427-21
008 090401t1998 xxu||||| |||| 00| 0 eng d
035 _a(Sirsi) u87451
041 _aeng
245 _aBlockbuster take over London
260 _c1998
350 _a0
490 _aEuropean
_v13 July 1998, 35(2)
520 _aReviews the state of the London residential market.
650 _aHOUSING MARKET
650 _aLOFT APARTMENTS
650 _aLONDON
650 _aOFFICE CONVERSIONS
650 _aPRIME RESIDENTIAL PROPERTY
650 _aWAREHOUSES
690 _aPROPERTY-RESIDENTIAL PROPERTY-RESIDENTIAL PROPERTY MARKET
942 _n0
948 _c16/07/1998
999 _c55155
_d55155